|
|
|
|
| LEADER |
00888nam a2200253 u 4500 |
| 001 |
10026833 |
| 003 |
upatras |
| 005 |
20210117205951.0 |
| 008 |
980311s1990 uk eng |
| 020 |
|
|
|a 0582044383
|q (Χαρτόδετο)
|
| 040 |
|
|
|a GR-PaULI
|c GR-PaULI
|
| 041 |
0 |
|
|a eng
|
| 082 |
0 |
4 |
|a 520
|
| 100 |
1 |
|
|a Rowan-Robinson, Michael
|9 151745
|
| 245 |
1 |
0 |
|a Universe
|c by Michael Rowan-Robinson
|
| 260 |
|
|
|a Essex
|b Longman Group
|c 1990
|
| 300 |
|
|
|a 180 p.
|b fig.
|c 28 cm
|
| 505 |
1 |
|
|a Includes references, index
|
| 650 |
|
4 |
|a Αστρονομία
|9 443
|
| 650 |
|
4 |
|a Κοσμολογία
|9 285
|
| 852 |
|
|
|a GR-PaULI
|b ΠΑΤΡΑ
|b ΦΥΣΙΚΟ
|k ΑΕΧ-1
|h 520 ROW
|m 04689
|p 025000022732
|t 1
|
| 942 |
|
|
|2 ddc
|c BK15
|
| 952 |
|
|
|0 0
|1 0
|4 0
|6 520_000000000000000_ROW
|7 0
|9 197182
|a PHYS
|b PHYS
|d 2016-04-24
|i 04689
|l 0
|o 520 ROW
|p 025000022732
|r 2016-04-24 00:00:00
|t 1
|w 2016-04-24
|y BK15
|
| 999 |
|
|
|c 121030
|d 121030
|